Quizzes
Events
Quiz Creation
Community
Videos
Private Events
Remove Ads
Sign In
Join for FREE
Feedback
Dark Mode
Quiz Categories
Sports
Geography
Music
Movies
Television
Just For Fun
Miscellaneous
History
Literature
Language
Science
Gaming
Entertainment
Religion
Holiday
For Kids
Quiz Lab
Recent
Popular Today
Quiz Kudos Today
Editor Picks
Curator Picks
Quizzes by...
Day
Popularity
Type
Ratings
Length
Year
Community
Subscriptions
Recent Discussions
Orange Saloon
Badges
Playlists
Quests
Create
Leaderboards
Showdown
Live 5
Trivia Bingo
Activity
Puzzle Library
Sporcle Events
Private Events
Virtual Trivia
Globe League
Become a Host
Pub Owners
SporcleCon
Opinionation
Our Games
Videos
Blog
Mobile Apps
Partnerships
Remove Ads and Go Orange
Feedback
Sports
Athletes
MLB
NBA
NHL
NFL
Soccer
Sports Teams
WWE
NCAA
Football
Premier League
Basketball
Baseball
Hockey
Golf
Tennis
Cricket
Rugby
Auto Racing
Olympics
World Cup
Sports
Athletes
MLB
NBA
NHL
NFL
Soccer
Sports Teams
WWE
NCAA
Football
Premier League
Basketball
Baseball
Hockey
Golf
Tennis
Cricket
Rugby
Auto Racing
Olympics
World Cup
Random Quiz
Search Sporcle
×
Quiz Lab
Quiz Lab
Sports
Alabama
Type in answers that appear in a list
Type in answers that appear in a list
Classic
Best Score? Go Orange.
Alabama Football Receiving Leaders since 1970 Stats
Can you name the Alabama Football Receiving Leaders since 1970?
By
milwaukees_best
10m
15 Questions
41 Plays
41 Plays
41 Plays
Comments
Comments
Give Quiz Kudos
Give Quiz Kudos
-
- Ratings
hide this ad
More Info
Replay
Link that replays current quiz
Next Quiz
Link to next quiz in quiz playlist
You Got
0%
They Got
Avg Score
41%
Avg Friend Score
Upgrade to see
Score Distribution
Jump to the score distribution portion of the page
Score
0/15
Timer
10:00
0
Plays Today
Years Played
Player
% Correct
2008-
2010
Julio Jones
100%
1981-
1983
Joey Jones
95.1%
2004-
2007
DJ Hall
61%
2004-
2007
Keith Brown
56.1%
1974-
1977
Ozzie Newsome
53.7%
1992-
1995
Curtis Brown
51.2%
2008-
2011
Marquis Maze
43.9%
2007-
2011
Darius Hanks
39%
Years Played
Player
% Correct
1998-
2001
Freddie Milons
24.4%
1988-
1990
Lamonde Russell
19.5%
1983-
1986
Greg Richardson
17.1%
1980-
1983
Jesse Bendross
17.1%
2004-
2007
Matt Caddell
17.1%
1971-
1973
Wayne Wheeler
12.2%
1996-
1998
Michael Vaughn
9.8%
Quiz Playlist
Details
Report
Send in Message
Add To Playlist
More Info:
Updated 1/4/2013
Classic:
Type in answers that appear in a list
Last Updated: Feb 16, 2017
Quiz Scoreboard
CHALLENGE
Sign Up to Join the Scoreboard
Show All
Scores
Hide
Comments
May contain spoilers
Recently Published
Movies - When Are They Set?
by FPL_Elf
Movies
5m
Popular People in 1961
by mucciniale
History
6m
1-10 Letter E Words III
by El_Dandy
Language
2m
More to Explore
Quiz From the Vault
Featured Blog Post
Where Did the Easter Bunny Come From?
hide this ad
You Might Also Like...
Tags
Alabama
Alabama Football
Today's Top Quizzes in Sports
Browse Sports
hide this ad
Today's Top Quizzes in Alabama
Browse Alabama
Top Contributed Quizzes in Sports
1
Les meilleurs buteurs des matchs entre le PSG et l’OM
2
FIFA Club World Cup Champions
3
Les entraîneurs de l'OM et du PSG au 21e siècle
4
2022 World Cup Stars
5
Name the Premier League winners with different clubs
6
La finale Lions - Afrique du Sud 2021
7
Criteria MLB: Left Handed Sluggers
8
Les joueurs passés par le LOSC et le RC Lens
9
Players with Multiple 50 Home Run Seasons
10
MLB Players with Two .350 Batting Average Seasons
Explore More
Trending Topics
Anime
NBA
Crossword
Marvel
Disney
Kpop
Harry Potter
The Office
Puzzle
Country
WWE
Song
Pokémon
Soccer
NFL
hide this ad
More By:
milwaukees_best
Quiz
Plays
Rating
Category
Featured
Created
Wisconsin Badgers Football Rushing Leaders Since 1993
890
3.00
Sports
Aug 19, 2012
Milwaukee Bucks Top 50 All-Time Scoring List
480
5.00
Sports
May 29, 2012
Wisconsin Badgers Football Passing Leaders since 1993
355
Sports
Aug 25, 2012
Wisconsin Badgers Football Receiving Leaders since 1993
225
Sports
Aug 25, 2012
Alabama Football Rushing Leaders Since 1970
199
5.00
Sports
Jan 2, 2013
Go to Creator's Profile
Score Distribution
Quiz Creator Spotlight
milwaukees_best
Follow
Send a Message
Quizzes Created
-
Created Quiz Play Count
-
More By This Creator
Popular Quizzes Today
1
Find the Countries of Europe - No Outlines Minefield
2
Find the US States - No Outlines Minefield
3
The Countries of the World
4
Popular People in 1961
5
US States
6
1-10 Letter E Words III
7
Find the US States
8
One Thing in Common: World Cities II
More Sports Quizzes
Diego Maradona's Clubs
Quiz Lab
Trending Quizzes
Risky Map Clicking: Least Populous States A-Z
1-10 Letter F Words
Humor Books: The Subtitles
1-10 Letter G Words
One Thing in Common: United Kingdom
Recently Updated
Leaping Animals
pecheneg
Reality TV Shows (A-Z)
bhenderson79
Rickey Henderson's Hall of Fame Teammates
pecheneg
Champions League XIs: Arsenal
pecheneg
Quick Pick: Celebrities in WWE's Hall of Fame
aduchscher
A-Z Keypad Blitz II
pecheneg
Multiple Oscar Actors
pecheneg
Mystery Phrase Blitz: Oscar 'Best Actors'
pecheneg
F. Scott Fitzgerald Novels
LTH
Pick 3 Villains
ddd62291
Trending Topics
NBA
Marvel
Disney
Anime
Crossword
Kpop
Harry Potter
Soccer
Pokémon
Puzzle
NFL
Song
Country
WWE
The Office
Your Account Isn't Verified!
In order to create a playlist on Sporcle, you need to verify the email address you used during registration. Go to your
Sporcle Settings
to finish the process.
Report this User
Report this user for behavior that violates our
Community Guidelines
.
Details:
Send Report
Go to the Sporcle.com Mobile Site →
Comments